North Haven, (Record no. 16759)
[ view plain ]
| 000 -LEADER | |
|---|---|
| fixed length control field | 00649cam a22002171 4500 |
| 001 - CONTROL NUMBER | |
| control field | ca 31000101 |
| 003 - CONTROL NUMBER IDENTIFIER | |
| control field | DLC |
| 005 - DATE AND TIME OF LATEST TRANSACTION | |
| control field | 20260227111124.0 |
| 008 - FIXED-LENGTH DATA ELEMENTS--GENERAL INFORMATION | |
| fixed length control field | 880820s1930 meuf 000 0 eng |
| 010 ## - LIBRARY OF CONGRESS CONTROL NUMBER | |
| LC control number | ca 31000101 |
| 035 ## - SYSTEM CONTROL NUMBER | |
| System control number | (OCoLC)18376372 |
| 040 ## - CATALOGING SOURCE | |
| Original cataloging agency | DLC |
| Transcribing agency | RPB |
| Modifying agency | DLC |
| 042 ## - AUTHENTICATION CODE | |
| Authentication code | premarc |
| 050 00 - LIBRARY OF CONGRESS CALL NUMBER | |
| Classification number | PS3515.U822 |
| Item number | N6 1930 |
| 082 ## - DEWEY DECIMAL CLASSIFICATION NUMBER | |
| Classification number | 811.5 |
| 100 1# - MAIN ENTRY--PERSONAL NAME | |
| Personal name | Huse, Henry Felton, |
| Dates associated with a name | 1869- |
| 245 10 - TITLE STATEMENT | |
| Title | North Haven, |
| Remainder of title | and other verse |
| Statement of responsibility, etc. | [by] Henry Felton Huse. |
| 260 ## - PUBLICATION, DISTRIBUTION, ETC. | |
| Place of publication, distribution, etc. | [Rockland, Me., |
| Name of publisher, distributor, etc. | Courier-Gazette Press, |
| Date of publication, distribution, etc. | c1930] |
| 300 ## - PHYSICAL DESCRIPTION | |
| Extent | 3 p. l., 11-59 p. |
| Other physical details | plates. |
| Dimensions | 21 cm. |
| 500 ## - GENERAL NOTE | |
| General note | Plates printed on both sides with descriptive text. |
No items available.